<?xml version="1.0" encoding="UTF-8"?>
<collection xmlns="http://www.loc.gov/MARC21/slim">
 <record>
  <leader>00565pamaa2200181   4500</leader>
  <controlfield tag="001">0000033927</controlfield>
  <controlfield tag="005">20130411090000.0</controlfield>
  <datafield tag="020" ind1="0" ind2="0">
   <subfield code="a">013089480X </subfield>
  </datafield>
  <datafield tag="082" ind1=" " ind2=" ">
   <subfield code="a">519.4 RAO</subfield>
  </datafield>
  <datafield tag="090" ind1="0" ind2="0">
   <subfield code="a">TA345 </subfield>
   <subfield code="b">RAO 2002</subfield>
  </datafield>
  <datafield tag="100" ind1="1" ind2="0">
   <subfield code="a">Rao </subfield>
  </datafield>
  <datafield tag="245" ind1="1" ind2="0">
   <subfield code="a">Applied numerical methods for engineers and scientists  </subfield>
   <subfield code="c">Singiresu S Rao.</subfield>
  </datafield>
  <datafield tag="260" ind1="0" ind2="0">
   <subfield code="a">New Jersey: </subfield>
   <subfield code="b">Prentice Hall, </subfield>
   <subfield code="c">2002.</subfield>
  </datafield>
  <datafield tag="300" ind1=" " ind2=" ">
   <subfield code="a">xx, 1060p.: </subfield>
   <subfield code="b">ill.; </subfield>
   <subfield code="c">24cm.</subfield>
  </datafield>
  <datafield tag="650" ind1="0" ind2="0">
   <subfield code="a">Numerical analysis </subfield>
  </datafield>
  <datafield tag="650" ind1="0" ind2="0">
   <subfield code="a">Computer science -- </subfield>
   <subfield code="x">Mathematics </subfield>
  </datafield>
  <datafield tag="650" ind1="0" ind2="0">
   <subfield code="a">Engineering mathematics </subfield>
  </datafield>
  <datafield tag="740" ind1="0" ind2="0">
   <subfield code="a">Numetical methods for engineers and scientists</subfield>
  </datafield>
 </record>
</collection>
